| 000 | 00516 a2200145 4500 | ||
|---|---|---|---|
| 040 | _a0 | ||
| 082 | _aPGDIT-2 | ||
| 100 |
_aRamla Ahmad. _9100559 |
||
| 245 |
_aWeb oriented content development _cRamla Ahmad. |
||
| 260 |
_aIslamabad : _bNUST School of Electrical Engineering & Computer Science, _c2000. |
||
| 300 |
_avii, 104 p. : _bill. ; _c27 cm. + _eCD-ROM. |
||
| 500 | _aSupervisors : Dr. S M H Zaidi, Dr. Arshad Ali. | ||
| 856 | _uhttp://10.250.8.41:8080/xmlui/handle/123456789/10482 | ||
| 942 |
_cPR _kPGDIT-2 RAM _2ddc |
||
| 999 |
_c9294 _d9294 |
||